000 00535nam a2200193Ia 4500
005 20250508164643.0
008 008 250505s9999 xx 000 0 eng d
037 _aTextual
040 _aFEDL
_beng
_cFEDL
041 _aeng
_2eng
084 _a305, ASI
_qFEDL
245 0 _aPeople of India: Manipur. Vol. 31
245 0 _cANTHROPOLOGICAL SURVEY OF INDIA
260 _aCalcutta, India
_bSeagull Books
_c1998
300 _axvii,286p.
365 _aINR
_b250
942 _cTEXL
_h305, ASI
999 _c1390371
_d1390371